Hamburg (Record no. 2345)

000 -LEADER
fixed length control field 00555nam a22000977a 4500
008 - FIXED-LENGTH DATA ELEMENTS--GENERAL INFORMATION
fixed length control field 170408b xxu||||| |||| 00| 0 eng d
100 ## - MAIN ENTRY--AUTHOR'S NAME
Author's Name Patton, Donald
245 ## - TITLE STATEMENT
Title Hamburg
260 ## - PUBLICATION, DISTRIBUTION, ETC. (IMPRINT)
Place of publication, distribution, etc. London
Name of publisher, distributor, etc. Robson Lowe Ltd.
Date of publication, distribution, etc. 1963
650 ## - TOPICAL TERM (Tag)
Topical term or geographic name Germany -- Hamburg (1859-1868) | North German Confederation (1868-1871) | German States | Postal History | Postal Markings Bogus and Forged | Post Offices | Postal Service | Locals and Private Posts | Postal Rates | Production | Forgeries and Counterfeits | Reissues and Reprints | Postal Stationery | Collecting -- Identification
Holdings
Withdrawn status Lost status Source of classification or shelving scheme Damaged status Koha normalized classification for sorting Not for loan Permanent Location Current Location Shelving location Date acquired Total Checkouts Full call number Barcode Date last seen Copy number Price effective from Koha item type
        G6299 H35 P322   Northern Philatelic Library Northern Philatelic Library General Stacks 04/08/2017   G6299 H35 P322 1003188 04/08/2017 1 04/08/2017 Books

Powered by Koha